III RP - wiedza ogólna #2 - Statystyki

Ogólne statystyki
  • Ten quiz został rozwiązany 31 razy
  • Średni wynik to 11 z 20
Statystyki odpowiedzi
Opis Odpowiedź % Poprawnych
Następca Andrzeja Dudy na stanowisku prezydenta RP Karol Nawrocki
100%
Partia, do której należała osoba z poprzedniego pytania Platforma Obywatelska
100%
Prezydent, za kadencji którego polska weszła do UE Aleksander Kwaśniewski
92%
Marszałek sejmu pełniący obowiązki prezydenta RP po katastrofie smoleńskiej Bolesław Komorowski
92%
"Wasz prezydent, nasz premier" i "Ustawa za łapówkę,czyli przychodzi Rywin do Michnika" to artykuły z ---- Gazety Wyborczej
83%
Rok, w którym wstąpiliśmy do powyższego sojuszu 1999
79%
Jedyny premier III RP z ramienia Polskiego StronnictwaLudowego, jednocześnie najmłodszy Prezes Rady Ministrów w historii Polski Waldemar Pawlak
71%
Premier, który kojarzy Ci się z takimi określeniami - "Noc teczek", "Nocna zmiana" Jan Olszewski
67%
Enigmatyczny kandydat na prezydenta z wyborów 1990,który, ku zaskoczeniu wszystkich, wszedł do drugiej tury Stanisław Tymiński
63%
Dokładna liczba ofiar katastrofy smoleńskiej 96
58%
Nazwa grupy współpracy Polski, Czech, Węgier i Słowacji Grupa Wyszehradzka
58%
Autor zmitologizowanych słów - "Panowie, policzmy głosy" Donald Tusk
50%
Nazwa założonej później przez niego partii politycznej Partia X
46%
Nazwa trójstronnej grupy współpracy Polski, Niemiec iFrancji Trójkąt Weimarski
38%
Dokładna data wstąpienia Polski do Unii Europejskiej 4 maj 2004
33%
Słowa, od których swoją wypowiedź w Kongresie USArozpoczął Lech Wałęsa My, naród
33%
Partia uznawana za spadkobiercę PZPR na polskiejscenie politycznej, istniejąca w latach 1991-1999 Socjaldemokracja RzeczypospolitejPolskiej
29%
Nazwa alternatywnej dla powyższej podkomisji, utworzonaprzez Prawo i Sprawiedliwość i propagująca tezę o rzekomym zamachu smoleńskim Podkomisja Macierewicza
25%
Nazwa pierwszej polskiej komisji badającej powyższewydarzenie Komisja Millera
13%
Rozwiń skrót: NATO (po polsku lub po angielsku) Organizacja TraktatuPółnocnoatlantyckiego
13%
Nie znaleziono quizów pasujących do podanych kryteriów
Rozkład punktacji
Procent ludzi z każdym wynikiem
Percentyl według liczby udzielonych odpowiedzi
Twoja historia wyników
Nie rozwiązałeś tego quizu